| 000 | 00777nam a2200253Ia 4500 | ||
|---|---|---|---|
| 003 | OSt | ||
| 005 | 20220927112010.0 | ||
| 006 | a|||||r|||| 00| 0 | ||
| 007 | ta | ||
| 008 | 220926b |||||||| |||| 00| 0 eng d | ||
| 024 | _a84230 | ||
| 037 | _cReports | ||
| 040 |
_aRTL _cRTL _beng |
||
| 041 |
_2eng _aeng |
||
| 082 | _a"X9(D2).678.N6s, K8" | ||
| 110 | _aFood And Agriculture Organization | ||
| 245 | 0 | _aLand and water resources survey in the Jebel Marra | |
| 260 |
_aRome _bFood and Agriculture Organization _c1968 |
||
| 490 | _a"United Nations Development Programme, Publication" | ||
| 650 | _aEngineering | ||
| 700 | _aFood And Agriculture Organization | ||
| 942 |
_h"X9(D2).678.N6s, K8" _cCC |
||
| 999 |
_c699758 _d699758 |
||